Suzanne príbeh lásky o páde do priepasti, ktorá nemá dno

Bibliographic Details
Other Authors: Rapoš, Dušan, 1953- (Author of dialog), Vejmělková, Eva, 1969- (uci), Kramár, Maroš, 1959- (uci), Polívka, Boleslav, 1949- (uci), Poullain, Chantal, 1956- (uci)
Format: Book
Language:Slovak
PhysicalDescription:1 videokazeta (130 min.) stereo, fareb., VHS systém PAL 10x19 cm
Published: Bratislava Intersonic 1997
Subjects:

MARC

LEADER 00000nam a2200000 a 4500
001 vtls001319135
003 SK-MaSNL
005 20260301235444.0
008 130606s1998 xo 0 slo
015 |a SNBJ1998/01-00308 
035 |a SNK000271724 
040 |a SNK  |b slo  |c SNK  |e AACR2 
044 |a xo  |c SK 
080 |a 791.43(437.6+437.1)(086.8)  |2 1981 
245 1 |a Suzanne  |h videozáznam  |b príbeh lásky o páde do priepasti, ktorá nemá dno  |c réžia Dušan Rapoš 
260 |a Bratislava  |b Intersonic  |c 1997 
300 |a 1 videokazeta (130 min.)  |b stereo, fareb., VHS systém PAL  |c 10x19 cm 
511 |a Hrajú: Eva Vejmělková, Maroš Kramár, Bolek Polívka, Chantal Poulain 
521 |a Mládeži do 15 r. nevhodné 
650 0 7 |a filmy psychologické  |x videokazety  |2 SNK  |9 283653 
655 7 |a videokazety  |2 SNK  |9 70726 
700 1 |a Rapoš, Dušan,  |d 1953-  |4 aud  |9 98579 
700 1 |a Vejmělková, Eva,  |d 1969-  |4 uci  |9 98580 
700 1 |a Kramár, Maroš,  |d 1959-  |4 uci  |9 202871 
700 1 |a Polívka, Boleslav,  |d 1949-  |4 uci  |9 120086 
700 1 |a Poullain, Chantal,  |d 1956-  |4 uci  |9 15428 
999 |c 975107  |d 977037 
952 |t P60, <03>, [BOOK], {603}  |a SNK  |b SNK  |y PREZ  |7 0  |p 17A0118710  |o snkSVC 997  |i snkJK 80/98  |0 0  |1 0  |4 0  |d 1998-02-04  |l 0  |r 2005-01-02 00:00:00  |w 2026-02-24